CFB Team’s State - Statistics

General Stats
  • This quiz has been taken 392 times
  • The average score is 46 of 61
Answer Stats
Hint Answer % Correct
San Jose St California
96%
Tulsa Oklahoma
94%
Baylor Texas
92%
San Diego St California
91%
SMU Texas
91%
BYU Utah
86%
Cincinnati Ohio
84%
Vanderbilt Tennessee
84%
Miami Florida
83%
Clemson South Carolina
83%
Sam Houston Texas
83%
Boise St Idaho
82%
Louisville Kentucky
82%
Buffalo New York
82%
Toledo Ohio
82%
Pitt Pennsylvania
82%
Houston Texas
82%
Stanford California
81%
Auburn Alabama
80%
USF Florida
80%
UCF Florida
80%
FAU Florida
80%
FIU Florida
80%
Akron Ohio
80%
Memphis Tennessee
80%
TCU Texas
80%
Fresno St California
79%
LSU Louisiana
79%
Syracuse New York
79%
UTSA Texas
79%
Charlotte North Carolina
78%
Rice Texas
78%
UConn Connecticut
77%
Northwestern Illinois
77%
UTEP Texas
77%
NIU Illinois
76%
Notre Dame Indiana
76%
UMass Massachusetts
76%
UNLV Nevada
76%
Duke North Carolina
76%
UAB Alabama
75%
Boston College Massachusetts
75%
Wake Forest North Carolina
75%
Bowling Green Ohio
73%
Purdue Indiana
72%
UL Monroe Louisiana
70%
Air Force Colorado
68%
Tulane Louisiana
66%
Army New York
65%
MTSU Tennessee
65%
Old Dominion Virginia
65%
Liberty Virginia
65%
Troy Alabama
64%
App St North Carolina
62%
Jacksonville St Alabama
60%
Kent St Ohio
60%
Kennesaw St Georgia
59%
Navy Maryland
59%
Temple Pennsylvania
59%
Marshall West Virginia
57%
Ball St Indiana
54%
No matching quizzes found
Score Distribution
Percent of People with Each Score
Percentile by Number Answered
Your Score History
You have not taken this quiz